000 00320cam a2200133ua 4500
041 _aeng
_h
082 _a822
_bWEB/DU
100 _aWebster, John.
245 _aDuches of Malfi /
_cWebster.
_hTextual Documents
260 _aLondon :
_bChatto& Windus ,
_c1958.
300 _a223 ; .
504 _a
999 _c11452
_d11452